Globalización y política social: equidad en los cambios del mundo /
Gardado en:
| Autor Principal: | |
|---|---|
| Formato: | Texto |
| Materias: | |
| Etiquetas: |
Engadir etiqueta
Sen Etiquetas, Sexa o primeiro en etiquetar este rexistro!
|
MARC
| LEADER | 00000 a a2200000 04500 | ||
|---|---|---|---|
| 001 | 5305 | ||
| 003 | |||
| 040 | |||
| 100 | |a Cordera Campos, Rolando | ||
| 245 | |a Globalización y política social: |b equidad en los cambios del mundo / |c Rolando Cordera Campos | ||
| 650 | |a LIBERALIZACION DEL INTERCAMBIO | ||
| 650 | |a POLITICA SOCIAL | ||
| 650 | |a EQUIDAD SOCIAL | ||
| 650 | |a ESTADO | ||
| 650 | |a DESCENTRALIZACION | ||
| 650 | |a AJUSTE ESTRUCTURAL | ||
| 650 | |a MODERNIZACION | ||
| 773 | |g número 270; páginas 44-52 | ||
| 999 | |c 31293 |d 31293 | ||
